banner-ar

LA PRATIQUE MAROCAINE DU DROIT DES TRAITES: (ESSAI SUR LE DROIT COMYENTIONNEL MAROCAIN) / (Record no. 20887)

MARC details
000 -الفاتح
حقل البيانات ثابتة الطول 00555nam a2200181Ia 4500
008 - عناصر البيانات ثابتة الطول - معلومات عامة
حقل البيانات ثابتة الطول 140319s9999 xx 000 0 eng d
040 ## - مصدر الفهرسة
وكالة الفهرسة الأصلية GCL /
وكالة النسخ GCL
082 04 - رقم تصنيف ديوى العشرى
رقم التصنيف 320.9
رقم المادة C P
100 1# - المدخل الرئيسى - إسم شخصى
الإسم الشخصى CHANDI, HASSAN
245 10 - بيان العنوان
العنوان LA PRATIQUE MAROCAINE DU DROIT DES TRAITES: (ESSAI SUR LE DROIT COMYENTIONNEL MAROCAIN) /
بيان المسئوليه,etc CHANDI, HASSAN
700 1# - المدخل الاضافى - اسم شخصى
الإسم الشخصى COLLIARD, CLOUDE - ALBERT
260 ## - PUBLICATION, DISTRIBUTION, ETC. (IMPRINT)
تاريخ النشر أو التوزيع 1982
300 ## - الوصف المادى
التعداد 554 P
650 04 - المدخل الاضافى بالموضوع-مصطلح موضوعى
مصطلح موضوعي MOROCCO
650 04 - المدخل الاضافى بالموضوع-مصطلح موضوعى
مصطلح موضوعي MOROCCO - POLICY
942 ## - عناصر المدخل الإضافي( كوها)
مصدر التصنيف او مخطط الترفيف Dewey Decimal Classification
Koha [default] item type كتاب
260 ## - PUBLICATION, DISTRIBUTION, ETC. (IMPRINT)
-- [S.N] :
-- LIBRAIRIE GENERAL DE DROIT TE DE JUVISPM ،
Holdings
حالة التراجع حالة الفقد حالة تلف ليس للاعارة المكان المؤقت الموقع الحالى تاريخ الاكتساب اجمالي اﻻعارات رقم الطلب الباركود تاريخ اخر مشاهدة تاريخ تفعيل السعر نوع وعاء كوها
        مكتبة القاهرة الكبرى مكتبة القاهرة الكبرى 03/26/2014   320.9\C P 38900 03/26/2014 03/26/2014 كتاب

Powered By

EGPV